00359nam a22001457a 4500003000400000008004100004082001900045100001000064245004800074260003800122300000900160502001500169650002000184650000900204OSt260417b |||||||| |||| 00| 0 eng d a581.2326bM29M aMamta aManagement of Black Scurf Disease of Potato aPusa, SamastipurbRAU, Pusac2003 a43P. bMsc.d2004 aPlant Pathology aMsc.